000 00269nam a2200109Ia 4500
001 1275917
005 20260417160437.0
008 260417s9999 xx 000 0 und d
020 _a9786256910201
245 0 _aGraham bell
_cTuğba Hatun Murat
260 _bKetebe Çocuk
999 _c1275917
_d1275917